Cultivation of Christian character. (Record no. 12760)

000 -LEADER
fixed length control field 00637nam a2200193 a 4500
001 - CONTROL NUMBER
control field :::00010574$&:&@@
003 - CONTROL NUMBER IDENTIFIER
control field OkBaRHE
005 - DATE AND TIME OF LATEST TRANSACTION
control field 20000607103400.0
008 - FIXED-LENGTH DATA ELEMENTS--GENERAL INFORMATION
fixed length control field s1965 j 000 0 eng u
040 ## - CATALOGING SOURCE
Transcribing agency
100 1# - MAIN ENTRY--PERSONAL NAME
Personal name Sanders, J. Oswald.
245 10 - TITLE STATEMENT
Title Cultivation of Christian character.
260 ## - PUBLICATION, DISTRIBUTION, ETC. (IMPRINT)
Place of publication, distribution, etc Chicago, IL., :
Name of publisher, distributor, etc Moody Press
Date of publication, distribution, etc c1965
300 ## - PHYSICAL DESCRIPTION
Extent 128 p. ;
Dimensions 17 cm.
650 ## - SUBJECT ADDED ENTRY--TOPICAL TERM
Topical term or geographic name as entry element Christian Life
942 ## - ADDED ENTRY ELEMENTS (KOHA)
Source of classification or shelving scheme
Koha item type Books
Copies
Barcode Date acquired Full call number Copy number Date last seen Koha item type Withdrawn status Source of classification or shelving scheme Permanent Location Shelving location Damaged status Not for loan Lost status Price effective from
105742010-04-14BV 4501 .S312010-04-14Books  RHEMA Bible Training CollegeGeneral Stacks   2010-04-14
151332010-04-14BV 4501 .S322010-04-14Books  RHEMA Bible Training CollegeGeneral Stacks   2010-04-14